[Event "Let's Play Chess!"]
[Site "http://www.queenalice.com/game.php?id=1413503"]
[Date "2016.3.14"]
[Round "-"]
[White "staleen"]
[Black "ketchuplover"]
[Result "0-1"]
[WhiteElo "1468"]
[BlackElo "1862"]

1. d4 d5 2. c4 c6 3. Nc3 Nf6 4. e3 g6 5. Nf3 Bg7 6. Bd3 O-O 7. h3 Re8 8. O-O
Nbd7 9. e4 dxe4 10. Nxe4 Nxe4 11. Bxe4 Nf6 12. Bc2 Qc7 13. Bg5 h6 14. Be3 Nd7
15. Rc1 e5 16. dxe5 Nxe5 17. b3 f5 18. Re1 Be6 19. Bb1 Rad8 20. Qe2 Nxf3+ 21.
Qxf3 Bc8 22. Bc5 b6 23. Bb4 c5 24. Rxe8+ Rxe8 25. Bd2 Bb7 26. Qg3 Qxg3 27. fxg3
Re2 28. Bf4 Rxg2+ 0-1

[Event "Let's Play Chess!"]
[Site "http://www.queenalice.com/game.php?id=1413504"]
[Date "2016.3.14"]
[Round "-"]
[White "staleen"]
[Black "TheRealHousekeeper"]
[Result "0-1"]
[WhiteElo "1542"]
[BlackElo "2247"]

1. d4 Nf6 2. c4 c5 3. Nf3 cxd4 4. Nxd4 e5 5. Nc2 b6 6. Nc3 Bb7 7. Bg5 Be7 8. f3
O-O 9. e4 Nc6 10. Be2 Nxe4 11. Bxe7 Nxc3 12. Bxd8 Nxd1 13. Bxb6 Nxb2 14. Bc5
Rfe8 15. Ne3 Nd4 16. Nd5 Bxd5 17. cxd5 Nc2+ 18. Kf2 Nxa1 19. Rxa1 Rec8 20. Bb4
Rc2 21. Ke3 f6 0-1

[Event "Challenge"]
[Site "http://www.queenalice.com/game.php?id=1413521"]
[Date "2016.3.14"]
[Round "-"]
[White "TheRealHousekeeper"]
[Black "staleen"]
[Result "1-0"]
[WhiteElo "2243"]
[BlackElo "1546"]

1. e4 e5 2. Bc4 Nf6 3. Qe2 Bc5 4. Nf3 d6 5. c3 O-O 6. O-O h6 7. d4 exd4 8. cxd4
Bb6 9. e5 Re8 10. Qc2 dxe5 11. dxe5 Ng4 12. Qg6 Rf8 13. Bg5 Qe8 14. Bf6 1-0

[Event "Let's Play Chess!"]
[Site "http://www.queenalice.com/game.php?id=1413608"]
[Date "2016.3.15"]
[Round "-"]
[White "staleen"]
[Black "PimPamPum"]
[Result "0-1"]
[WhiteElo "1522"]
[BlackElo "2096"]

1. d4 Nf6 2. c4 c5 3. Nf3 g6 4. Nc3 Bg7 5. e4 cxd4 6. Nxd4 d6 7. Be2 Nc6 8. Be3
O-O 9. O-O a6 10. Nc2 b6 11. Qd2 Qc7 12. Bh6 Bb7 13. Rac1 Rad8 14. Rfd1 Ne5 15.
Bxg7 Kxg7 16. Nb4 Rfe8 17. Nbd5 Bxd5 18. cxd5 Qb7 19. f4 Ned7 20. b4 Rc8 21. Qd4
e5 22. dxe6 Rxe6 23. Bg4 Re7 24. Nd5 Rxe4 25. Qb2 Rxc1 26. Rxc1 Qxd5 27. Bxd7
Rxf4 28. Bc8 Qd4+ 29. Qxd4 Rxd4 0-1

[Event "Let's Play Chess!"]
[Site "http://www.queenalice.com/game.php?id=1413609"]
[Date "2016.3.15"]
[Round "-"]
[White "staleen"]
[Black "MGSCUCIATO"]
[Result "0-1"]
[WhiteElo "1451"]
[BlackElo "1499"]

1. d4 Nc6 2. Nf3 Nf6 3. c4 e6 4. Nc3 b6 5. e4 Nh5 6. Be2 g6 7. O-O Qf6 8. Bg5
Qg7 9. e5 h6 10. Be3 g5 11. Nxg5 hxg5 12. Bxh5 Ba6 13. b3 Qh7 14. g4 Nb4 15.
Bxg5 Nd3 16. Ne4 Qxe4 17. f4 Qxd4+ 18. Kg2 Qe4+ 19. Rf3 Ne1+ 20. Qxe1 Qc2+ 21.
Rf2 Qc3 22. Qxc3 Bg7 23. Rd1 O-O 24. Qh3 Bb7+ 25. Kg1 c5 26. Rxd7 Be4 27. Bf6
Bxf6 0-1

[Event "Let's Play Chess!"]
[Site "http://www.queenalice.com/game.php?id=1413610"]
[Date "2016.3.15"]
[Round "-"]
[White "staleen"]
[Black "MGSCUCIATO"]
[Result "0-1"]
[WhiteElo "1466"]
[BlackElo "1484"]

1. d4 d5 2. c4 dxc4 3. e4 Nc6 4. Nf3 Nf6 5. Bxc4 Nxe4 6. Bf4 g5 7. Bxg5 f6 8.
Be3 Bg7 9. a3 Na5 10. Ba2 Bf5 11. Nh4 Be6 12. Bxe6 Qd6 13. Qh5+ Kd8 14. Qd5 f5
15. Nxf5 Nf6 16. Qxd6+ cxd6 17. Nxg7 Rg8 18. Nf5 Rxg2 19. Nc3 Ng4 20. Ke2 b5 21.
Rhg1 Nxe3 22. Kxe3 Nc4+ 23. Bxc4 Rxh2 24. Rg8+ Kc7 25. Rxa8 bxc4 26. Nxe7 Rh3+
27. Kf4 h5 28. Ncd5+ Kd7 29. Rxa7+ Ke6 0-1

[Event "Let's Play Chess!"]
[Site "http://www.queenalice.com/game.php?id=1413618"]
[Date "2016.3.15"]
[Round "-"]
[White "staleen"]
[Black "ketchuplover"]
[Result "0-1"]
[WhiteElo "1470"]
[BlackElo "1860"]

1. d4 Nf6 2. c4 e6 3. Nc3 Bb4 4. Qc2 Nc6 5. Nf3 O-O 6. Bf4 a6 7. e3 d6 8. Bd3 h6
9. h3 Re8 10. O-O e5 11. dxe5 dxe5 12. Bxh6 gxh6 13. Ne4 Nxe4 14. Bxe4 Qf6 15.
Rad1 Rb8 16. a3 Bd6 17. b4 Na7 18. c5 Bf8 19. a4 Bxh3 20. gxh3 Nc6 21. b5 axb5
22. axb5 Ne7 23. Kh2 Red8 24. Rxd8 Rxd8 25. Bxb7 Nd5 26. Qe4 Nc3 0-1

[Event "Let's Play Chess!"]
[Site "http://www.queenalice.com/game.php?id=1413770"]
[Date "2016.3.18"]
[Round "-"]
[White "Rider"]
[Black "staleen"]
[Result "1-0"]
[WhiteElo "1631"]
[BlackElo "1480"]

1. d3 d5 2. Nc3 e5 3. Nf3 Nc6 4. e4 Nf6 5. Bg5 Bb4 6. Bd2 d4 7. Ne2 Qe7 8. a3
Bxd2+ 9. Qxd2 Be6 10. h3 h6 11. g4 O-O-O 12. Ng3 g6 13. O-O-O Qc5 14. b4 Qb5 15.
Kb2 a5 16. Rb1 axb4 17. Kc1 Qa4 18. Ra1 bxa3 19. Kd1 a2 20. Be2 Qb5 21. Qc1 Qa5
22. Qd2 Qb5 23. Qc1 Kd7 24. g5 hxg5 25. Nxg5 Qa5 26. Qd2 Qxd2+ 27. Kxd2 1-0

[Event "Let's Play Chess!"]
[Site "http://www.queenalice.com/game.php?id=1413771"]
[Date "2016.3.18"]
[Round "-"]
[White "staleen"]
[Black "Rider"]
[Result "1-0"]
[WhiteElo "1523"]
[BlackElo "1689"]

1. d4 d5 2. c4 c6 3. Nc3 dxc4 4. a4 e6 5. e4 c5 6. Nf3 cxd4 7. Nxd4 e5 8. Ndb5
Qxd1+ 9. Kxd1 Kd7 10. Bxc4 f6 11. Ke2 a6 12. Rd1+ Kc6 13. Bd5+ Kb6 14. Be3+ Bc5
15. a5# 1-0

[Event "Let's Play Chess!"]
[Site "http://www.queenalice.com/game.php?id=1413772"]
[Date "2016.3.18"]
[Round "-"]
[White "Rider"]
[Black "staleen"]
[Result "1-0"]
[WhiteElo "1620"]
[BlackElo "1491"]

1. c4 c5 2. e4 Nc6 3. Nc3 Nf6 4. Bd3 g6 5. Nce2 Bg7 6. Bc2 O-O 7. d4 cxd4 8.
Nxd4 d6 9. Ndf3 Be6 10. Qd3 Rc8 11. Be3 Nb4 12. Qd2 Nxc2+ 13. Qxc2 Rxc4 14. Qd3
Nxe4 15. Bxa7 Qa5+ 16. Ke2 Qxa7 17. b3 Qxf2+ 18. Kd1 Bxa1 19. Ne2 Qc5 20. Rf1
Nc3+ 21. Kd2 Ne4+ 22. Kd1 Nc3+ 23. Nxc3 Rxc3 24. Qb1 Qd5+ 25. Ke1 Qd3 26. Qxd3
1-0

[Event "1703-2"]
[Site "http://www.queenalice.com/game.php?id=1413900"]
[Date "2016.3.18"]
[Round "-"]
[White "staleen"]
[Black "jizaias"]
[Result "0-1"]
[WhiteElo "1544"]
[BlackElo "2252"]

1. d4 d5 2. c4 dxc4 3. e4 b5 4. a4 c5 5. axb5 cxd4 6. Bxc4 e5 7. Bd5 Bg4 8. f3
Nd7 9. Bxa8 Qxa8 10. fxg4 Qxe4+ 11. Qe2 Qd5 12. Nf3 Ngf6 0-1

[Event "Let's Play Chess!"]
[Site "http://www.queenalice.com/game.php?id=1413903"]
[Date "2016.3.18"]
[Round "-"]
[White "staleen"]
[Black "igorjava"]
[Result "0-1"]
[WhiteElo "1528"]
[BlackElo "1887"]

1. Nf3 d5 2. d4 Nf6 3. c4 a6 4. Nc3 dxc4 5. a4 Bd7 6. e4 e6 7. Bxc4 Nc6 8. O-O
Be7 9. Bg5 O-O 10. Re1 Na5 11. Bd3 h6 12. Bh4 b6 13. Qe2 g5 14. Bg3 Kg7 15. e5
Nd5 16. Qe4 Rh8 0-1

[Event "Let's Play Chess!"]
[Site "http://www.queenalice.com/game.php?id=1414508"]
[Date "2016.3.22"]
[Round "-"]
[White "igorjava"]
[Black "staleen"]
[Result "1-0"]
[WhiteElo "1885"]
[BlackElo "1530"]

1. e4 e5 2. f4 d5 3. exd5 e4 4. d3 exd3 5. Qxd3 Nf6 6. c4 Bc5 7. Bd2 O-O 8. b4
Re8+ 9. Be2 Bxg1 10. Rxg1 Bg4 11. Nc3 Qe7 12. Kd1 Bxe2+ 13. Nxe2 Ne4 14. Be3 Nd7
15. Re1 1-0

[Event "Let's Play Chess!"]
[Site "http://www.queenalice.com/game.php?id=1414509"]
[Date "2016.3.22"]
[Round "-"]
[White "staleen"]
[Black "igorjava"]
[Result "0-1"]
[WhiteElo "1532"]
[BlackElo "1883"]

1. d4 e6 2. c4 b6 3. Nc3 Bb7 4. e4 c5 5. Nf3 d6 6. Be2 cxd4 7. Nxd4 Nf6 8. Bf3
Nc6 9. O-O Rb8 10. Bg5 Be7 11. Rc1 e5 12. Ndb5 a6 13. Na3 O-O 14. Nc2 Qc7 0-1

[Event "AUTO-OPEN-3629"]
[Site "http://www.queenalice.com/game.php?id=1414690"]
[Date "2016.3.23"]
[Round "1"]
[White "mvson33"]
[Black "staleen"]
[Result "1-0"]
[WhiteElo "2027"]
[BlackElo "1538"]

1. e4 e5 2. Nf3 Nc6 3. Bb5 a6 4. Ba4 Nf6 5. O-O Be7 6. d3 b5 7. Bb3 d6 8. Bg5
Na5 9. c3 Nxb3 10. Qxb3 Be6 11. Qc2 c5 12. Nbd2 h6 13. Bh4 O-O 14. Rfe1 Nh5 15.
Bxe7 Qxe7 16. Re3 Nf4 17. Rae1 f5 18. a3 1-0

[Event "AUTO-OPEN-3629"]
[Site "http://www.queenalice.com/game.php?id=1414691"]
[Date "2016.3.23"]
[Round "1"]
[White "staleen"]
[Black "mvson33"]
[Result "0-1"]
[WhiteElo "1540"]
[BlackElo "2025"]

1. d4 Nf6 2. c4 e6 3. Nc3 d5 4. cxd5 exd5 5. Bg5 Nbd7 6. Nxd5 Bd6 7. e3 O-O 8.
Nf3 b6 9. Bd3 Bb7 10. Nxf6+ Nxf6 11. Qc2 h6 12. Bh4 Bb4+ 13. Ke2 Re8 14. Rac1
Bd6 15. Rhe1 g5 16. Bg3 Be4 17. Kf1 Bxd3+ 18. Qxd3 Kg7 0-1

[Event "AUTO-OPEN-3629"]
[Site "http://www.queenalice.com/game.php?id=1414702"]
[Date "2016.3.23"]
[Round "1"]
[White "staleen"]
[Black "fenomeno"]
[Result "0-1"]
[WhiteElo "1500"]
[BlackElo "1672"]

1. d4 d5 2. c4 c5 3. dxc5 Qa5+ 4. Nc3 e6 5. cxd5 Bxc5 6. Nf3 Bb4 7. Bd2 Bxc3 8.
Bxc3 Qd8 9. Bxg7 exd5 10. Bxh8 f6 11. e3 Qa5+ 12. Qd2 Qb6 0-1

[Event "AUTO-OPEN-3629"]
[Site "http://www.queenalice.com/game.php?id=1414703"]
[Date "2016.3.23"]
[Round "1"]
[White "fenomeno"]
[Black "staleen"]
[Result "1-0"]
[WhiteElo "1662"]
[BlackElo "1510"]

1. e4 e5 2. Nf3 Nc6 3. d4 exd4 4. Nxd4 Bc5 5. Nxc6 Qf6 6. Be3 Bxe3 7. fxe3 dxc6
8. Nc3 Be6 9. Bd3 O-O-O 10. Qe2 h5 11. h3 Qh4+ 12. Kd2 1-0